[Event "Sunny Beach op-B 13th"]
[Site "Sunny Beach"]
[Date "2014.09.06"]
[Round "1"]
[White "Dimov, Dian"]
[Black "Ahmedov, Metin"]
[Result "1-0"]
[WhiteElo "2285"]
[BlackElo "2107"]
[PlyCount "33"]
[EventDate "2014.09.06"]
[EventType "swiss"]
[EventRounds "9"]
[EventCountry "BUL"]
[SourceTitle "CBM 162 Extra"]
[Source "ChessBase"]
[SourceDate "2014.10.17"]
[SourceVersion "1"]
[SourceVersionDate "2014.10.17"]
[SourceQuality "1"]

1. e4 e5 2. f4 d5 3. exd5 e4 4. d3 Nf6 5. dxe4 Nxe4 6. Nf3 Bc5 7. Qe2 Bf2+ 8. Kd1 Qxd5+ 9. Nfd2 f5 10. Nc3 Qd4 11. Ncxe4 fxe4 12. c3 Qe3 13. Qh5+ Kf8 14. Bc4 Qxf4 15. Qd5 Bg4+ 16. Kc2 Nc6 17. Nxe4 1-0